000 00735cam a2200217 4500
008 000000n2000 000 0 eng u
035 _a(Sirsi) u108725
245 _aSheds and self-storage supplement
260 _c2000
490 _aProperty Week
_vSeptember 2000 (79) LOAN
520 _aSupplement on the shed and self-storage market. Covers carrier hotels, e-commerce, corporate branding, distribution trends. Includes a directory of available sites.
590 _aABS
650 _aSELF-STORAGE
650 _aWAREHOUSES
650 _aINDUSTRIAL MARKET
650 _aDISTRIBUTION
650 _aCARRIER HOTELS
650 _aE-COMMERCE
690 _aPROPERTY-COMMERCIAL PROPERTY-COMMERCIAL PROPERTY MARKET
942 _n0
999 _c64902
_d64902